000 00478nam a22001697a 4500
005 20251108165533.0
008 250721s2000 xx 000 0 ara d
082 1 4 _aم/909/خال
100 1 _aعبد السلام، خالد
245 1 0 _aموسوعة حدث في مثل هذا اليوم /
264 1 _aعمان :
_bدار أسامه للنشر،
_c2000.
300 _a320ص
650 1 7 _aالعالم
650 1 7 _aالتاريخ
942 _2ddc
_cREF
999 _c30232
_d30232